| 000 | 00000nas 2200000za 4500 |
| 001 | 9.512159 |
| 003 | CaOODSP |
| 005 | 20220304121739 |
| 007 | ta |
| 008 | 150406c20069999xxc|| p #||||f| |0fre|d |
| 022 | |a1927-1832 |
| 040 | |aCaOODSP|bfre |
| 041 | |aeng|afre |
| 043 | |an-cn--- |
| 086 | 1 |aCC171-7 |
| 110 | 2 |aCommission canadienne de sûreté nucléaire. |
| 245 | 10|aAnnual report on the Access to Information Act = |bRapport annuel concernant la Loi sur l'accès à l'information. |
| 246 | 11|aRapport annuel concernant la Loi sur l'accès à l'information |
| 260 | |aOttawa : |bCanadian Nuclear Safety Commission = Commission canadienne de sûreté nucléaire. |
| 310 | |aAnnuel |
| 362 | 0 |a2005/2006- |
| 520 | 3 |aDécrit comment la Commission canadienne de sûreté nucléaire s'est acquitté de ses responsabilités au cours de l’année d'application de la Loi sur l’accès à l’information. |
| 691 | 07|aAccès à l'information|2gcpds |
| 776 | 0#|tAnnual report on the Access to Information Act = |w(CaOODSP)9.500496 |
| 791 | |tAnnual report on the Access to Information Act = |eeng|w(CaOODSP)9.512158 |